000 00387nam a2200145Ia 4500
008 151213s9999 xx 000 0 und d
100 _aed.Michael Allen
245 _aSeamus Heaney
_ced.Michael Allen
260 _aEngland
_bNew Casebooks Series
_c1997
300 _a7077 p.
650 _aEnglish Literature
650 _aEnglish Literature
700 _aed.Michael Allen
999 _c3745
_d3745